000 00584nam a2200205Ia 4500
001 14958
003 GE_BSU
008 181216s||||||||xx |||||||||||||| ||und||
040 _cGE_BSU
080 _a519.83
100 _aТеория игр
245 _aБесконечные антагонистические игры
245 _cПод.ред.Н.Н.Воробьева
260 _aМосква
260 _bГосиздат
260 _c1963
300 _a503стр.21см.
653 _aБесконечные антагонистические игры
942 _cBK
999 _c48078
_d48078